Autobots in the Transformers movies 1-7 - Statistics

General Stats
  • This quiz has been taken 530 times
    350 since last reset
  • The average score is 27 of 46
Answer Stats
Vehicle Mode Character % Correct
Chevrolet Camaro Bumblebee
100%
Peterbilt 379 Semi-Truck Optimus Prime
100%
GMC Heavy Duty Topkick 6500 4x4 Ironhide
95%
Pontiac Solstice Jazz
93%
Hummer H2 Ratchet
93%
Ducati 848 Arcee
86%
Chevrolet Corvette StingrayConcept Sideswipe
86%
Cybertronian TyrannosaurusRex Grimlock
81%
Oshkosh Defense FMTVTruck Hound
80%
Bugatti Veyron Drift
79%
Lockheed SR-71 Blackbird Jetfire
75%
Ferrari 458 Italia Dino
74%
Chevrolet C7 CorvetteStingray Crosshairs
72%
Lamborghini Centenario Hot Rod
71%
Chevrolet Volt Jolt
71%
Chevrolet Trax Mudflap
71%
Chevrolet Beat Skids
70%
Rosenbauer Panther 6x6Airport Fire Truck Sentinel Prime
69%
Remote Controlled MonsterTruck Wheelie
68%
Porsche 911 Carrera RS 3.8 Mirage
67%
Organic/Robotic Gorilla Optimus Primal
65%
Mercedes-Benz E550 Que
64%
Lenovo Think Pad Brains
62%
Chevrolet Impala NASCAR Leadfoot
61%
Suzuki B-King Chromia
57%
MV Agusta F4 Elita-One
57%
Cybertronian Triceratops Slug
56%
Chevrolet Impala NASCAR Topspin
55%
Organic/Robotic Cheetah Cheetor
54%
Chevrolet Impala NASCAR Roadbuster
51%
Organic/Robotic Rhinoceros Rhinox
48%
Organic/Robotic PelegrineFalcon Airazor
47%
Cybertronian Spinosaurus Scorn
43%
Cybertronian Sports Car Cliffjumper
41%
Cybertronian Pteranodon Strafe
39%
Aston Martin DB11 Cogman
37%
Fairchild C-119 Flying Boxcar Stratosphere
35%
Organic/Robotic Gorilla Apelinq
33%
Cybertronian Off-road Vehicle Brawn
30%
Mercedes-Benz LK ModelDump Truck Daytrader
27%
Caterpillar 773B Dump Truck Canopy
26%
Vespa Scooter Sqweeks
26%
Mark IV Tank Bulldog
24%
CAT 320 Excavator Trench
24%
Supermarine Spitfire Lieutenant
17%
Chevrolet Impala NASCAR Volleybot
15%
No matching quizzes found
Score Distribution
Percent of People with Each Score
Percentile by Number Answered
Your Score History
You have not taken this quiz since the last reset